L'Égypte des pharaons au Musée du Caire /
محفوظ في:
المؤلف الرئيسي:
مؤلفون آخرون:
التنسيق: كتاب
اللغة: English
سلاسل:
Trésors des grands musées ;
16.
الموضوعات:
الوسوم: إضافة وسم
لا توجد وسوم, كن أول من يضع وسما على هذه التسجيلة!
رقم الطلب: DT59 .C243 C66 1979
| LEADER | 00893namaa2200289 4500 | ||
|---|---|---|---|
| 001 | 16142 | ||
| 003 | OSt | ||
| 005 | 20250617072343.0 | ||
| 008 | 130303s1979 fr a c 001 0 eng d | ||
| 010 | |a 80110435 | ||
| 020 | |a 2850561398 | ||
| 040 | |c ARCE Library | ||
| 043 | |a f-ua--- | ||
| 050 | 4 | |a DT59 .C243 C66 1979 | |
| 100 | 1 | |a Corteggiani, Jean-Pierre, |e author |9 28333 | |
| 245 | 1 | 2 | |a L'Égypte des pharaons au Musée du Caire / |c par Jean-Pierre Corteggiani. |
| 264 | 1 | |a Paris : |b A. Somogy, |c c1979. | |
| 300 | |a 255 pages : |b illustrations (some color) ; |c 22 cm. | ||
| 490 | 1 | |a Trésors des grands musées ; |v 16. | |
| 500 | |a Includes indexes. | ||
| 610 | 2 | 0 | |a Matḥaf al-Miṣrī |v Catalogs. |
| 651 | 0 | |a Egypt |x Antiquities |v Catalogs. | |
| 700 | 1 | |a Matḥaf al-Miṣrī. | |
| 830 | 0 | |a Trésors des grands musées ; |v 16. | |
| 901 | |a reviewed | ||
| 942 | |c BK |2 lcc | ||
| 999 | |c 16294 |d 16294 | ||
